000
00253nam a2200097Ia 4500
001
1206889
005
20251016150158.0
008
250824s9999 xx 000 0 und d
245
0
_a
ÇİKOLATA ÇOCUK
_c
GONCA GÜLSEL ŞENLER
260
_b
NESİL YAYINLARI
999
_c
1206889
_d
1206889